|
|
|
|
| LEADER |
00902naa a2200217 i 4500 |
| 001 |
acta59617 |
| 005 |
20230619132856.0 |
| 008 |
191007s2000 hu o 1|| eng d |
| 040 |
|
|
|a SZTE Egyetemi Kiadványok Repozitórium
|b hun
|
| 041 |
|
|
|a eng
|
| 100 |
1 |
|
|a Nyúl László G.
|
| 245 |
1 |
0 |
|a Standardizing the MR image intensity scale and its applications
|h [elektronikus dokumentum] :
|b [abstract] /
|c Nyúl László G.
|
| 260 |
|
|
|a University of Szeged
|b Szeged
|c 2000
|
| 300 |
|
|
|a 75
|
| 490 |
0 |
|
|a Conference of PhD Students in Computer Science
|v 2
|
| 650 |
|
4 |
|a Természettudományok
|
| 650 |
|
4 |
|a Számítás- és információtudomány
|
| 695 |
|
|
|a Számítástechnika - előadáskivonat
|
| 700 |
0 |
1 |
|a Udupa Jayaram K.
|e aut
|
| 711 |
|
|
|a Conference of PhD students in computer science (2.)
|c Szeged
|d 2000. július 20-23.
|
| 856 |
4 |
0 |
|u http://acta.bibl.u-szeged.hu/59617/1/cscs_2000_075.pdf
|z Dokumentum-elérés
|